<?xml version="1.0" encoding="UTF-8"?>
<record
    xmlns:xsi="http://www.w3.org/2001/XMLSchema-instance"
    xsi:schemaLocation="http://www.loc.gov/MARC21/slim http://www.loc.gov/standards/marcxml/schema/MARC21slim.xsd"
    xmlns="http://www.loc.gov/MARC21/slim">

  <leader>00950    a2200169   4500</leader>
  <controlfield tag="003">Nust</controlfield>
  <controlfield tag="005">20221020145858.0</controlfield>
  <datafield tag="020" ind1=" " ind2=" ">
    <subfield code="a">0076-2016</subfield>
  </datafield>
  <datafield tag="040" ind1=" " ind2=" ">
    <subfield code="c">Nust</subfield>
  </datafield>
  <datafield tag="082" ind1=" " ind2=" ">
    <subfield code="a">620.03,MCG</subfield>
  </datafield>
  <datafield tag="245" ind1=" " ind2=" ">
    <subfield code="a">McGraw-Hill yearbook of science and technology / David I. Eggenberger</subfield>
    <subfield code="c">Serial (Periodical, Newspaper, etc.)</subfield>
  </datafield>
  <datafield tag="260" ind1=" " ind2=" ">
    <subfield code="a">New York,</subfield>
    <subfield code="b">McGraw-Hill Book Co.</subfield>
    <subfield code="c">1965</subfield>
  </datafield>
  <datafield tag="300" ind1=" " ind2=" ">
    <subfield code="a">454:p</subfield>
    <subfield code="b">v. ill. 26 cm.</subfield>
  </datafield>
  <datafield tag="505" ind1=" " ind2=" ">
    <subfield code="a">Preview of 1965 (Page 1-77), Computer aided Design (Page 1-9), Virus and Cancer (Page 10-17), Quasi-Stellar radio sources (Page 18-25), Behavior Genetics (Page 26-35), Underground nuclear explosion detection (Page 36-45), Air sea interaction (Page 46-51), Microorganisms in evolution (Page 52-58), International hydrologic decade (Page 59-65), organ transplant developments (Page 66-67), Photographic highlights (Page 79-94), Review of 1964 (Page 95-431).</subfield>
  </datafield>
  <datafield tag="650" ind1=" " ind2=" ">
    <subfield code="a"> yearbook of science and technology.</subfield>
    <subfield code="9">101017</subfield>
  </datafield>
  <datafield tag="942" ind1=" " ind2=" ">
    <subfield code="2">ddc</subfield>
    <subfield code="c">BK</subfield>
  </datafield>
  <datafield tag="999" ind1=" " ind2=" ">
    <subfield code="c">182775</subfield>
    <subfield code="d">182775</subfield>
  </datafield>
  <datafield tag="952" ind1=" " ind2=" ">
    <subfield code="0">0</subfield>
    <subfield code="1">0</subfield>
    <subfield code="2">ddc</subfield>
    <subfield code="4">0</subfield>
    <subfield code="7">0</subfield>
    <subfield code="a">MCS</subfield>
    <subfield code="b">MCS</subfield>
    <subfield code="c">GEN</subfield>
    <subfield code="d">2016-12-12</subfield>
    <subfield code="o">620.03,MCG</subfield>
    <subfield code="p">MCS6568</subfield>
    <subfield code="r">2016-12-08</subfield>
    <subfield code="w">2016-12-12</subfield>
    <subfield code="y">BK</subfield>
    <subfield code="z">Almirah No.27, Shelf No.2</subfield>
  </datafield>
</record>
